Jak najwięcej państw Europy w 30 sekund - Statystyki

Ogólne statystyki
  • Ten quiz został rozwiązany 141 razy
  • Średni wynik to 13 z 45
Statystyki odpowiedzi
Odpowiedź % Poprawnych
Polska
94%
Niemcy
73%
Francja
68%
Rosja
64%
Litwa
57%
Łotwa
56%
Hiszpania
54%
Estonia
53%
Szwecja
46%
Norwegia
42%
Portugalia
40%
Ukraina
38%
Czechy
36%
Finlandia
36%
Włochy
36%
Irlandia
32%
Białoruś
30%
Islandia
30%
Grecja
27%
Belgia
26%
Dania
26%
Słowacja
26%
Wielka Brytania
22%
Andora
21%
Słowenia
21%
Holandia
20%
Bośnia i Hercegowina
19%
Monako
19%
San Marino
19%
Serbia
19%
Albania
17%
Austria
17%
Watykan
16%
Malta
15%
Chorwacja
14%
Węgry
14%
Kosowo
12%
Szwajcaria
12%
Macedonia Północna
11%
Mołdawia
11%
Bułgaria
10%
Luksemburg
7%
Rumunia
7%
Czarnogóra
6%
Liechtenstein
6%
Nie znaleziono quizów pasujących do podanych kryteriów
Rozkład punktacji
Procent ludzi z każdym wynikiem
Percentyl według liczby udzielonych odpowiedzi
Twoja historia wyników
Nie rozwiązałeś tego quizu